Geboren in Saarbrücken - Statistiken

Allgemein
  • Dieses Quiz wurde 68 mal gespielt
    19 seit der letzten Aktualisierung
  • Das Durchschnittsergebnis liegt bei 3 aus 10
Antwortstatistiken
Hinweis Antwort % Korrekt
Sängerin und ESC-Siegerin, "Ein bißchen Frieden" 1964 Nicole
78%
ehemaliger Fußballnationalspieler (1.FC Köln) 1990 Jonas Hector
67%
CDu-Politiker, langjähriger Bundesminister und Namensvetter eines SPD-Bundeskanzlers 1910 Gerhard Schröder
61%
Rapper, "Was du Liebe nennst" 1989 Bausa
44%
Sängerin, "(I'll Never Be) Maria Magdalena" "In the Heat of the Night" 1962 Sandra
33%
CDU-Politiker und früherer Ministerpräsident von Rheinland-Pfalz, hält mit 22 Jahren den Rekord für die längste Amtszeit eines deutschen Ministerpräsidenten 1899 Peter Altmeier
22%
Schauspieler bekannt für seine Rolle als Jonas in "Die Discounter" 1990 Merlin Sandmeyer
17%
Schauspieler, "Loriot"-Filme, "Münster"-Tatort 1939 Claus Dieter Clausnitzer
6%
Turnerin und Goldmedaillengewinnerin bei der Turn-WM 2017 1997 Pauline Schäfer-Betz
0%
französischer Jazzmusiker, "Ujaama" "Le matin des noirs" 1935 Siegfried Kessler
0%
Keine übereinstimmenden Quizze gefunden
Verteilung der Resultate
Anzahl Personen mit jedem Resultat
Perzentil nach korrekt beantworteten Fragen
Ihre Resultats-Entwicklung
Sie haben dieses Quiz seit der letzten Aktualisierung nicht gespielt